ბათუმის შოთა რუსთაველის სახელმწიფო უნივერსიტეტის ბიბლიოთეკა

ადამიანის უფლებათა კომიტეტის მიერ განხილული ძირითადი საქმეები = Leading Cases of the Human Rights Committee / (ბიბ.ჩანაწერი № 59439)

000 -ლიდერი
ფიქსირებული სიგრძის საკონტროლო ველი 01827nam a22002777a 4500
003 - საკონტროლო ნომრის იდენტიფიკატორი
საკონტროლო ველი Ge_BSU
005 - ბოლო ოპერაციის თარიღი და დრო
საკონტროლო ველი 20230216142242.0
008 - ფიქსირებული სიგრძის მონაცემთა ელემენტები - ზოგადი ინფორმაცია
ფიქსირებული სიგრძის საკონტროლო ველი 230216s2006 ge ||||| |||| 00| 0 geo d
020 ## - წიგნის საერთაშორისო სტანდარტული ნომერი
International Standard Book Number 9994058703
041 ## - ენის კოდი
Language code of text/sound track or separate title geo
080 ## - უნივერსალური ათობითი კლასიფიკაციის ინდექსი
Universal Decimal Classification number 341.981.8 ა-26
245 ## - ცნობა სათაურის შესახებ
Title ადამიანის უფლებათა კომიტეტის მიერ განხილული ძირითადი საქმეები = Leading Cases of the Human Rights Committee /
Statement of responsibility, etc შეადგინეს: რაიჯა ჰანსკიმ და მარტინ შაინინმა ; თარგმ. ანა გეგეჭკორისა.
264 ## - წარმოების, გამოცემის, დისტრიბუციის და სხვა ცნობები
გამოცემის, წარმოების, დისტრიბუციის... ადგილი თბილისი :
გამოცემის, წარმოების, დისტრიბუციის... სახელწოდება ადამიანის უფლებათა ინ-ტი: აბო აკად. უნ-ტი: თურქუ,
გამოცემის, წარმოების, დისტრიბუციის... თარიღი 2006.
300 ## - ფიზიკური აღწერა
Extent 567გვ. ;
Other physical details 24სმ.
490 ## - სერიის ცნობა
Series statement სახალხო დამცველის ბიბლიოთეკა
501 ## - შენიშვნა თანმხლებ მასალაზე
With note საძ.: გვ. 552-567.
504 ## - BIBLIOGRAPHY, ETC. NOTE
Bibliography, etc მოკლე ბიბლიოგრ.: გვ. 549.
653 ## - INDEX TERM--UNCONTROLLED
Uncontrolled term ადამიანის უფლებათა საერთაშორისო სასამართლოები
653 ## - INDEX TERM--UNCONTROLLED
Uncontrolled term აადამიანი უფლებათა დაცვის ორგანიზაციები
653 ## - INDEX TERM--UNCONTROLLED
Uncontrolled term საერთაშორისო სასამართლოები
653 ## - INDEX TERM--UNCONTROLLED
Uncontrolled term ადამიანის სამოქალაქო უფლებები
653 ## - INDEX TERM--UNCONTROLLED
Uncontrolled term ადამიანის ძირითადი უფლებები
700 ## - ADDED ENTRY--PERSONAL NAME
Personal name ჰანსკი, რაიჯა
Relator term შემდგენელი
9 (RLIN) 16945
700 ## - ADDED ENTRY--PERSONAL NAME
Personal name შაინინ, მარტინ
9 (RLIN) 16946
942 ## - ADDED ENTRY ELEMENTS (KOHA)
Source of classification or shelving scheme
Koha item type წიგნი
ეგზემპლარები
ჩამოწერის სტატუსი დაკარგული ეგზემპლარის სტატუსი კლასიფიკაციის წყარო ან თაროზე გაწყობის სქემა დაზიანების სტატუსი არ გაიცემა მუდმივი მდებარეობა (დაცვის ადგილი) ამჟამინდელი ადგილსამყოფელი თაროზე განთავსების ადგილი შეძენის თარიღი ღირებულება, შესყიდვის ნორმალური ფასი სრული შენახვის შიფრი შტრიხკოდი ბოლო ოპერაციის თარიღი ეგზემპლარის მიმდევრობითი ნომერი (კეტერი?) ფასის ძალაში შესვლის თარიღი ეგზემპლარის სახეობა საჯარო შენიშვნა
          ბათუმის შოთა რუსთაველის სახელმწიფო უნივერსიტეტის მთავარი ბიბლიოთეკა ბათუმის შოთა რუსთაველის სახელმწიფო უნივერსიტეტის მთავარი ბიბლიოთეკა წიგნსაცავი 2023-02-16 15.00 341.981.8 ა-26 63826 2023-02-16 63826 2023-02-16 წიგნი 15 ლ.